Quantum mechanics : (Record no. 19446)

MARC details
000 -LEADER
fixed length control field 01012cam a2200301 i 4500
001 - CONTROL NUMBER
control field 18512645
003 - CONTROL NUMBER IDENTIFIER
control field EG-ScBUE
005 - DATE AND TIME OF LATEST TRANSACTION
control field 20250310095010.0
008 - FIXED-LENGTH DATA ELEMENTS--GENERAL INFORMATION
fixed length control field 150204t2015 fludk f b 001 0 eng d
020 ## - INTERNATIONAL STANDARD BOOK NUMBER
International Standard Book Number 9781482263374 (hardcover : alk. paper)
040 ## - CATALOGING SOURCE
Original cataloging agency OU/DLC
Language of cataloging eng
Description conventions rda
Transcribing agency OU
Modifying agency EG-ScBUE
082 04 - DEWEY DECIMAL CLASSIFICATION NUMBER
Classification number 530.12
Edition number 22
Item number RAJ
100 1# - MAIN ENTRY--PERSONAL NAME
Personal name Rajasekar, S
Fuller form of name Shanmuganathan),
Dates associated with a name 1963-
Relator term author.
9 (RLIN) 38088
245 10 - TITLE STATEMENT
Title Quantum mechanics :
Remainder of title the fundamentals.
Number of part/section of a work I /
Statement of responsibility, etc S. Rajasekar, R. Velusamy.
264 #1 - PUBLICATION, DISTRIBUTION, ETC. (IMPRINT)
Place of publication, distribution, etc Boca Raton :
Name of publisher, distributor, etc CRC Press / Taylor & Francis Group,
Date of publication, distribution, etc [2015]
264 #4 - PUBLICATION, DISTRIBUTION, ETC. (IMPRINT)
Date of publication, distribution, etc c2015
300 ## - PHYSICAL DESCRIPTION
Extent xxi, 591 pages :
Other physical details charts, forms ;
Dimensions 24 cm
336 ## - CONTENT TYPE
Source rdacontent
Content type term text
Content type code txt
337 ## - MEDIA TYPE
Media type term unmediated
Source rdamedia
Media type code n
338 ## - CARRIER TYPE
Carrier type term volume
Carrier type code nc
Source rdacarrier
504 ## - BIBLIOGRAPHY, ETC. NOTE
Bibliography, etc Includes bibliographical references and index.<br/>
650 #7 - SUBJECT ADDED ENTRY--TOPICAL TERM
Topical term or geographic name as entry element Quantum theory.
Source of heading or term BUEsh
9 (RLIN) 1883
651 ## - SUBJECT ADDED ENTRY--GEOGRAPHIC NAME
Source of heading or term BUEsh
653 ## - INDEX TERM--UNCONTROLLED
Resource For college Engineering, General
Arrived date list May2015
655 ## - INDEX TERM--GENRE/FORM
Form subdivision Reading book
9 (RLIN) 34232
700 1# - ADDED ENTRY--PERSONAL NAME
Personal name Velusamy, R.,
Dates associated with a name 1952-
Relator term author.
942 ## - ADDED ENTRY ELEMENTS (KOHA)
Source of classification or shelving scheme Dewey Decimal Classification
Koha item type Book - Borrowing
Holdings
Withdrawn status Lost status Source of classification or shelving scheme Damaged status Not for loan Collection code Home library Current library Shelving location Date acquired Source of acquisition Total Checkouts Full call number Barcode Date last seen Price effective from Koha item type
    Dewey Decimal Classification     Baccah Central Library Central Library First floor 26/05/2015     530.12 RAJ 000038332 15/07/2025 26/05/2015 Book - Borrowing